Normal view
MARC view
- KASHMIR BATTLES
Entry Topical Term
001 - CONTROL NUMBER
- control field: 67802
003 - CONTROL NUMBER IDENTIFIER
- control field: NUST
005 - DATE AND TIME OF LATEST TRANSACTION
- control field: 20210628203915.0
008 - FIXED-LENGTH DATA ELEMENTS
- fixed length control field: 210628|| aca||aabn | a|a d
040 ## - CATALOGING SOURCE
- Original cataloging agency: NUST
- Transcribing agency: NUST
150 ## - HEADING--TOPICAL TERM
- Topical term or geographic name entry element: KASHMIR BATTLES
670 ## - SOURCE DATA FOUND
- Source citation: Work cat.: (NUST): Brig Asif Haroon 67801, Kashmir battles of 1948 1956 1971 and on going fredom struggle, 1995
